People by Anagram (Sport people Edition) - Statistics

General Stats
  • This quiz has been taken 3 times
  • The average score is 4 of 6
Answer Stats
Anagram and net worth Answer % Correct
Carousel Ax (7M) Alex Caruso
100%
Madam Mail Uh (80M) Muhammed Ali
100%
Weirdo Togs (1.1B) Tiger woods
100%
Betray Knob (600M) Kobe Bryant
67%
Bay Lily Ms (Around 500K) Billy mays
33%
Heats Uh Win (65M) Shaun White
33%
No matching quizzes found
Score Distribution
Percent of People with Each Score
Percentile by Number Answered
Your Score History
You have not taken this quiz